Guess 100 english footballers by image - Statistics

General Stats
  • This quiz has been taken 708 times
  • The average score is 63 of 100
Answer Stats
Picture Answer % Correct
Harry Kane
95%
Wayne Rooney
93%
Declan Rice
91%
Jack Grealish
91%
John Stones
91%
Marcus Rashford
91%
Reece James
91%
Trent Alexander-Arnold
91%
Ashley Cole
90%
Harry Maguire
90%
Jude Bellingham
90%
Kyle Walker
90%
Phil Foden
90%
Jadon Sancho
89%
Kieran Trippier
89%
Raheem Sterling
89%
Bukayo Saka
88%
David Beckham
88%
Frank Lampard
88%
Jamie Vardy
88%
Jordan Henderson
88%
Peter Crouch
88%
Steven Gerrard
88%
Rio Ferdinand
87%
John Terry
86%
Dele Alli
85%
Jordan Pickford
84%
Luke Shaw
84%
Paul Scholes
84%
James Milner
83%
Joe Hart
81%
Mason Mount
81%
Alan Shearer
80%
Jesse Lingard
80%
Gary Neville
79%
Bobby Charlton
78%
Eric Dier
78%
James Maddison
76%
Joe Gomez
76%
Tammy Abraham
76%
Alex Oxlade-Chamberlain
75%
Chris Smalling
75%
Sol Campbell
75%
Ben Chilwell
74%
Michael Owen
74%
Ashley Young
71%
Fikayo Tomori
71%
Nick Pope
71%
Phil Jones
71%
David Seaman
69%
Gary Cahill
69%
Michael Carrick
69%
Kalvin Philips
68%
Theo Walcott
68%
Adam Lallana
67%
Ian Wright
66%
Bobby Moore
65%
Daniel Sturridge
65%
Jamie Carragher
65%
Ruben Loftus-Cheek
65%
Gary Lineker
64%
Ross Barkley
64%
Danny Welbeck
61%
Jermain Defoe
61%
Troy Deeney
59%
Andy Carroll
56%
Jack Wilshere
56%
Joe Cole
54%
Gareth Southgate
53%
John Barnes
53%
Phil Neville
53%
Andy Cole
52%
Joleon Lescott
52%
Leighton Baines
50%
Kevin Keegan
48%
Robbie Fowler
48%
Steve McManaman
48%
Tony Adams
48%
Owen Hargreaves
43%
Gordon Banks
42%
Teddy Sheringham
41%
Matthew Le Tissier
39%
Phil Jagielka
35%
Paul Ince
34%
Peter Shilton
32%
Paul Gascoigne
31%
Jimmy Greaves
26%
Glenn Hoddle
25%
Stanley Matthews
25%
Bryan Robson
22%
Nobby Stiles
18%
Geoff Hurst
16%
Dixie Dean
14%
Duncan Edwards
13%
Phil Neal
13%
Martin Peters
12%
Trevor Francis
11%
Billy Wright
10%
Ray Clemence
9%
Tom Finney
9%
No matching quizzes found
Score Distribution
Percent of People with Each Score
Percentile by Number Answered
Your Score History
You have not taken this quiz